| 000 | 00848nam a22002532 4500 | ||
|---|---|---|---|
| 001 | 0000005099 | ||
| 005 | 20151217145823.0 | ||
| 008 | 070606s xx 000 0 eng d | ||
| 020 |
_a812032823X : _cKES 875 |
||
| 040 |
_aKABU _cKABU |
||
| 050 | 0 |
_aQA76.76 _b.O63S74 2004 |
|
| 100 | 1 |
_aStevens, W. Richard. _@0000154786 |
|
| 245 | 1 | 0 |
_aUnix network programming : _bthe sockets networking API volume I / _cW. Richard Stevens, Bil Fenner, Andrew M. Rudoff. |
| 250 | _a3rd ed. | ||
| 260 |
_aNew Delhi : _bPrentice-Hall of India, _c2004. |
||
| 300 | _axxiii, 991 p. | ||
| 650 | 0 |
_aUNIX (Computer file) _@0000154651 |
|
| 650 | 0 |
_aComputer networks. _@0000148214 |
|
| 700 | 1 |
_aFenner, Bill. _@0000156183 |
|
| 700 | 1 |
_aRudoff, Andrew M. _@0000156184 |
|
| 908 | _a070606 | ||
| 950 | _@1 | ||
| 999 |
_c2912 _d2912 |
||